000 00950cam a2200253 a 4500
001 000006544
005 20200929153941.0
008 990618s1999 mx ac 001 0 spa
020 _a9681905733
040 _aDO-SdBNP
_cDLC
_dDLC
082 _a320.972
_bC346h
100 1 _aCastañeda, Jorge G.,
_q(Jorge Gerardo Castañeda Gutman)
_d1953-
_918175
245 1 3 _aLa herencia :
_barqueología de la sucesión presidencial en México /
_cJorge G. Castañeda.
260 _aMéxico, D.F. :
_bAlfaguara,
_c1999.
300 _a558 p. ; :
_bil., retrs. ;
_c24 cm.
490 1 _aExtra Alfaguara
500 _aIncluye índice.
651 4 _aMéxico
_xPolítica Y Gobierno
_y1970-1988.
_918176
651 4 _aMéxico
_xPolítica Y Gobierno
_y1988-2000
_918177
650 4 _aPresidentes
_xSelección de candidatos
_918178
650 4 _aPresidentes
_zMéxico
_xHistoria
_ySIGLO XX
_918179
830 0 _aExtra Alfaguara.
_916634
910 _aCatalogación por copia / LC
999 _c6335
_d6335